Posłowie PiS w X kadencji Sejmu - Statystyki

Ogólne statystyki
  • Ten quiz został rozwiązany 32 razy
    18 od ostatniego zresetowania
  • Średni wynik to 17 z 188
Statystyki odpowiedzi
Poseł na Sejm % Poprawnych
Filip Kaczyński
100%
Jarosław Kaczyński
100%
Mateusz Morawiecki
79%
Mariusz Błaszczak
64%
Przemysław Czarnek
64%
Zbigniew Ziobro
57%
Antoni Macierewicz
50%
Ryszard Terlecki
36%
Dariusz Matecki
29%
Elżbieta Witek
29%
Piotr Kaleta
29%
Sebastian Kaleta
29%
Jacek Bogucki
21%
Joanna Lichocka
21%
Marcin Romanowski
21%
Marek Kuchciński
21%
Rafał Romanowski
21%
Anna Krupka
14%
Elżbieta Duda
14%
Jacek Sasin
14%
Janusz Kowalski
14%
Jarosław Krajewski
14%
Joanna Borowiak
14%
Józefa Szczurek-Żelazko
14%
Kazimierz Gwiazdowski
14%
Krzysztof Ciecióra
14%
Marcin Porzucek
14%
Mariusz Gosek
14%
Michał Kowalski
14%
Michał Wójcik
14%
Monika Pawłowska
14%
Paweł Jabłoński
14%
Piotr Gliński
14%
Radosław Fogiel
14%
Robert Telus
14%
Wiesław Krajewski
14%
Zbigniew Kuźmiuk
14%
Zbigniew Rau
14%
Agata Wojtyszek
7%
Agnieszka Górska
7%
Agnieszka Wojciechowska van Heukelom
7%
Andrzej Adamczyk
7%
Andrzej Gut-Mostowy
7%
Andrzej Kosztowniak
7%
Andrzej Śliwka
7%
Anna Baluch
7%
Anna Gembicka
7%
Anna Kwiecień
7%
Anna Milczanowska
7%
Anna Pieczarka
7%
Arkadiusz Czartoryski
7%
Barbara Bartuś
7%
Bartłomiej Dorywalski
7%
Bartłomiej Wróblewski
7%
Bartosz Kownacki
7%
Bożena Borys-Szopa
7%
Dariusz Piontkowski
7%
Dariusz Stefaniuk
7%
Dorota Arciszewska-Mielewczyk
7%
Edward Siarka
7%
Grzegorz Gaża
7%
Grzegorz Lorek
7%
Grzegorz Matusiak
7%
Grzegorz Woźniak
7%
Ireneusz Zyska
7%
Iwona Arent
7%
Jan Dziedziczak
7%
Jan Kanthak
7%
Janusz Cieszyński
7%
Jan Warzecha
7%
Jarosław Sellin
7%
Jarosław Wieczorek
7%
Jarosław Zieliński
7%
Jerzy Polaczek
7%
Kamil Bortniczuk
7%
Katarzyna Sójka
7%
Kazimierz Choma
7%
Kazimierz Gołojuch
7%
Kazimierz Smoliński
7%
Krzysztof Lipiec
7%
Krzysztof Sobolewski
7%
Krzysztof Szczucki
7%
Krzysztof Tchórzewski
7%
Lidia Burzyńska
7%
Łukasz Mejza
7%
Łukasz Schreiber
7%
Magdalena Filipek-Sobczak
7%
Małgorzata Golińska
7%
Małgorzata Wassermann
7%
Marcin Grabowski
7%
Marcin Gwóźdź
7%
Marcin Warchoł
7%
Marek Ast
7%
Marek Gróbarczyk
7%
Marek Suski
7%
Marek Wesoły
7%
Maria Koc
7%
Maria Kurowska
7%
Mariusz Kałużny
7%
Mariusz Krystian
7%
Michał Cieślak
7%
Michał Moskal
7%
Michał Woś
7%
Norbert Kaczmarczyk
7%
Olga Semeniuk-Patkowska
7%
Patryk Wicher
7%
Paweł Szrot
7%
Piotr Babinetz
7%
Piotr Król
7%
Piotr Uściński
7%
Przemysław Drabek
7%
Robert Gontarz
7%
Ryszard Bartosik
7%
Sławomir Skwarek
7%
Sylwester Tułajew
7%
Tadeusz Woźniak
7%
Teresa Wilk
7%
Tomasz Zieliński
7%
Waldemar Andzel
7%
Wioletta Kulpa
7%
Władysław Dajczak
7%
Zbigniew Chmielowiec
7%
Zbigniew Dolata
7%
Zbigniew Hoffmann
7%
Agnieszka Ścigaj
0%
Agnieszka Soin
0%
Aleksander Mrówczyński
0%
Andrzej Gawron
0%
Andrzej Kryj
0%
Anita Czerwińska
0%
Anna Cicholska
0%
Anna Dąbrowska-Banaszek
0%
Anna Paluch
0%
Anna Schmidt
0%
Artur Chojecki
0%
Artur Szałabawka
0%
Bogumiła Olbryś
0%
Bolesław Piecha
0%
Czesław Hoc
0%
Daniel Milewski
0%
Dominika Chorosińska
0%
Ewa Leniart
0%
Ewa Malik
0%
Fryderyk Kapinos
0%
Grzegorz Macko
0%
Grzegorz Piechowiak
0%
Grzegorz Puda
0%
Henryk Kowalczyk
0%
Jacek Osuch
0%
Jacek Świat
0%
Jan Mosiński
0%
Jerzy Materna
0%
Kacper Płażyński
0%
Katarzyna Czochara
0%
Krzysztof Czarnecki
0%
Krzysztof Kubów
0%
Leonard Krasulski
0%
Lidia Czechak
0%
Łukasz Kmita
0%
Maciej Małecki
0%
Marcin Horała
0%
Marcin Ociepa
0%
Marek Matuszewski
0%
Marek Subocz
0%
Marzena Machałek
0%
Michał Jach
0%
Mirosława Stachowiak-Różecka
0%
Paweł Hreniak
0%
Paweł Rychlik
0%
Paweł Sałek
0%
Piotr Polak
0%
Piotr Uruski
0%
Rafał Bochenek
0%
Rafał Weber
0%
Robert Warwas
0%
Sebastian Łukaszewicz
0%
Stanisław Szwed
0%
Szymon Giżyński
0%
Szymon Pogoda
0%
Szymon Szynkowski vel Sęk
0%
Tadeusz Chrzan
0%
Teresa Pamuła
0%
Urszula Rusecka
0%
Witold Czarnecki
0%
Władysław Kurowski
0%
Włodzimierz Tomaszewski
0%
Wojciech Szarama
0%
Wojciech Zubowski
0%
Nie znaleziono quizów pasujących do podanych kryteriów
Rozkład punktacji
Procent ludzi z każdym wynikiem
Percentyl według liczby udzielonych odpowiedzi
Twoja historia wyników
Nie rozwiązałeś tego quizu od ostatniego zresetowania